[Event "European Rapid Championship 2021"]
[Site "Katowice"]
[Date "2021.12.18"]
[Round "6.3"]
[White "Janik, Igor"]
[Black "Keinanen, Toivo"]
[Result "0-1"]
[WhiteElo "2462"]
[BlackElo "2341"]
[Annotator "ChessBase"]
[PlyCount "74"]
[EventDate "2021.12.18"]
[EventType "swiss"]
[EventCountry "POL"]
[SourceTitle "playchess.com"]
[Source "ChessBase"]
[SourceQuality "1"]
[TimeControl "900+10"]

1. d4 {[%emt 0:00:01]} d5 {[%emt 0:00:41]} 2. c4 {[%emt 0:00:02]} e6 {[%emt 0:
00:01]} 3. Nf3 {[%emt 0:00:03]} Nf6 {[%emt 0:00:01]} 4. Nc3 {[%emt 0:00:13]}
Be7 {[%emt 0:00:00]} 5. g3 {[%emt 0:00:57]} O-O {[%emt 0:01:21]} 6. Bg2 {
[%emt 0:00:01]} dxc4 {[%emt 0:00:36]} 7. Ne5 {[%emt 0:00:01]} Nc6 {[%emt 0:00:
01]} 8. Bxc6 {[%emt 0:00:01]} bxc6 {[%emt 0:00:00]} 9. Nxc6 Qe8 10. Nxe7+ {
[%emt 0:00:03]} Qxe7 {[%emt 0:00:01]} 11. Qa4 {[%emt 0:00:06]} c5 {[%emt 0:00:
01]} 12. dxc5 {[%emt 0:00:03]} Qxc5 {[%emt 0:00:00]} 13. Be3 Qc7 14. O-O-O {
[%emt 0:00:35]} e5 {[%emt 0:04:19]} 15. f3 {[%emt 0:01:38]} Be6 {[%emt 0:00:53]
} 16. Rd2 {[%emt 0:00:08]} Rfb8 {[%emt 0:01:41]} 17. Rhd1 {[%emt 0:01:33]} a5 {
[%emt 0:00:02]} 18. Qa3 {[%emt 0:01:40]} Rb4 {[%emt 0:01:37]} 19. Bc5 {[%emt 0:
00:19]} Rb7 {[%emt 0:02:37]} 20. Bd6 {[%emt 0:00:05]} Qb6 {[%emt 0:00:35]} 21.
Bxe5 {[%emt 0:00:35]} Nd7 {[%emt 0:00:01]} 22. Bd4 {[%emt 0:00:12]} Qc6 {
[%emt 0:00:29]} 23. Ne4 {[%emt 0:01:05]} h6 {[%emt 0:02:06]} 24. Qd6 {[%emt 0:
00:38]} Qa4 {[%emt 0:00:27]} 25. Nc3 {[%emt 0:01:27]} Qb4 {[%emt 0:00:04]} 26.
Qc6 {[%emt 0:01:08]} Rab8 {[%emt 0:00:21]} 27. a3 {[%emt 0:00:22]} Qb3 {
[%emt 0:00:32]} 28. Qa4 {[%emt 0:00:09]} Nc5 {[%emt 0:00:09]} 29. Bxc5 {
[%emt 0:01:09]} Qxc3+ {[%emt 0:00:01]} 30. Rc2 {[%emt 0:00:47]} Qe5 {[%emt 0:
00:45]} 31. Bd4 {[%emt 0:00:26]} Qg5+ {[%emt 0:00:23]} 32. f4 {[%emt 0:00:34]}
Qf5 {[%emt 0:00:12]} 33. Be5 {[%emt 0:00:22]} Rc8 {[%emt 0:00:16]} 34. Rcd2 {
[%emt 0:02:06]} c3 35. Rd8+ {[%emt 0:00:02]} Kh7 {[%emt 0:00:34]} 36. Bxc3 {
[%emt 0:00:06]} Bb3 {[%emt 0:00:11]} 37. Qd4 {[%emt 0:00:02]} Qc2# 0-1

[Event "European Rapid Championship 2021"]
[Site "Katowice"]
[Date "2021.12.18"]
[Round "6.3"]
[White "Janaszak, Dawid"]
[Black "Wnek, Filip"]
[Result "1-0"]
[WhiteElo "2328"]
[BlackElo "1873"]
[Annotator "NA"]
[PlyCount "53"]
[EventDate "2021.12.18"]
[EventType "swiss"]
[EventCountry "POL"]
[SourceTitle "playchess.com"]
[Source "ChessBase"]
[SourceQuality "1"]
[TimeControl "900+10"]

1. e4 {[%emt 0:00:01]} c5 {[%emt 0:00:01]} 2. Nc3 {[%emt 0:00:01]} d6 {[%emt 0:
00:01]} 3. f4 {[%emt 0:00:02]} Nf6 {[%emt 0:00:01]} 4. Nf3 {[%emt 0:00:05]} e6
{[%emt 0:00:01]} 5. d4 {[%emt 0:00:26]} cxd4 {[%emt 0:00:02]} 6. Nxd4 {[%emt 0:
00:02]} a6 {[%emt 0:00:02]} 7. Be3 {[%emt 0:00:14]} Be7 {[%emt 0:00:02]} 8. Qf3
{[%emt 0:00:30]} Qc7 {[%emt 0:00:04]} 9. O-O-O {[%emt 0:00:20]} Nc6 {[%emt 0:
01:06]} 10. Rg1 {[%emt 0:01:41]} Nxd4 {[%emt 0:00:37]} 11. Rxd4 {[%emt 0:00:02]
} Bd7 {[%emt 0:00:15]} 12. g4 {[%emt 0:00:19]} Bc6 {[%emt 0:00:02]} 13. g5 {
[%emt 0:00:26]} Nd7 {[%emt 0:00:01]} 14. h4 {[%emt 0:00:41]} O-O-O {[%emt 0:02:
19]} 15. Bh3 {[%emt 0:00:40]} Kb8 {[%emt 0:00:09]} 16. Kb1 {[%emt 0:00:52]} Nc5
17. f5 {[%emt 0:01:20]} e5 {[%emt 0:02:53]} 18. Rd5 {[%emt 0:01:56]} Na4 {
[%emt 0:01:01]} 19. Nxa4 {[%emt 0:01:27]} Bxd5 {[%emt 0:01:16]} 20. exd5 {
[%emt 0:00:02]} Qc4 {[%emt 0:00:40]} 21. Rg4 {[%emt 0:01:00]} Qb5 {[%emt 0:00:
03]} 22. Bf1 {[%emt 0:00:40]} Qa5 {[%emt 0:00:03]} 23. b3 {[%emt 0:01:19]} Rc8
{[%emt 0:00:42]} 24. Qd1 {[%emt 0:00:47]} Bd8 {[%emt 0:00:24]} 25. Qd2 {
[%emt 0:00:28]} Qc7 {[%emt 0:01:15]} 26. Nb6 {[%emt 0:00:13]} Be7 {[%emt 0:00:
24]} 27. Rc4 {[%emt 0:00:16]} 1-0

[Event "European Rapid Championship 2021"]
[Site "Katowice"]
[Date "2021.12.18"]
[Round "6.4"]
[White "Brodowski, Piotr"]
[Black "Tazbir, Marcin"]
[Result "1-0"]
[WhiteElo "2414"]
[BlackElo "2514"]
[Annotator "ChessBase"]
[PlyCount "59"]
[EventDate "2021.12.18"]
[EventType "swiss"]
[EventCountry "POL"]
[SourceTitle "playchess.com"]
[Source "ChessBase"]
[SourceQuality "1"]
[TimeControl "900+10"]

1. c4 {[%emt 0:00:03]} e5 {[%emt 0:00:01]} 2. Nc3 {[%emt 0:00:01]} Bb4 {
[%emt 0:00:09]} 3. g3 {[%emt 0:00:44]} Bxc3 {[%emt 0:00:01]} 4. dxc3 {[%emt 0:
00:28]} d6 {[%emt 0:00:02]} 5. Bg2 {[%emt 0:00:34]} f5 {[%emt 0:00:13]} 6. c5 {
[%emt 0:01:02]} dxc5 {[%emt 0:00:07]} 7. Qxd8+ {[%emt 0:00:03]} Kxd8 {[%emt 0:
00:01]} 8. Bg5+ {[%emt 0:00:58]} Nf6 {[%emt 0:00:03]} 9. O-O-O+ {[%emt 0:00:02]
} Ke7 {[%emt 0:00:02]} 10. e4 {[%emt 0:00:45]} h6 {[%emt 0:00:57]} 11. Bxf6+ {
[%emt 0:00:12]} gxf6 {[%emt 0:00:12]} 12. exf5 {[%emt 0:00:02]} Nc6 {[%emt 0:
00:22]} 13. Be4 {[%emt 0:01:07]} Nd8 {[%emt 0:00:29]} 14. f4 {[%emt 0:01:28]}
Nf7 {[%emt 0:00:33]} 15. fxe5 {[%emt 0:00:25]} fxe5 {[%emt 0:00:29]} 16. Nf3 {
[%emt 0:01:33]} Nd6 {[%emt 0:00:02]} 17. Rhe1 {[%emt 0:00:18]} Kf6 {[%emt 0:00:
02]} 18. Nxe5 {[%emt 0:01:37]} Nxe4 {[%emt 0:00:34]} 19. Rxe4 {[%emt 0:00:03]}
Bxf5 {[%emt 0:01:01]} 20. Rf1 {[%emt 0:00:14]} h5 {[%emt 0:02:02]} 21. Nd3 {
[%emt 0:02:32]} Kg6 {[%emt 0:00:11]} 22. Nf4+ {[%emt 0:00:03]} Kh6 {[%emt 0:00:
25]} 23. Re5 {[%emt 0:00:04]} Raf8 {[%emt 0:00:01]} 24. Rxc5 {[%emt 0:00:08]}
c6 {[%emt 0:00:14]} 25. Nxh5 {[%emt 0:01:22]} Be6 {[%emt 0:00:01]} 26. Nf4 {
[%emt 0:00:39]} Bxa2 {[%emt 0:00:02]} 27. Rd1 {[%emt 0:00:37]} Rf7 {[%emt 0:00:
24]} 28. Rd6+ {[%emt 0:00:11]} Kg7 {[%emt 0:00:10]} 29. Rg5+ {[%emt 0:00:04]}
Kh7 {[%emt 0:00:10]} 30. Rh5+ {[%emt 0:00:02]} 1-0

[Event "European Rapid Championship 2021"]
[Site "Katowice"]
[Date "2021.12.18"]
[Round "6.4"]
[White "Nytra, Ondrej"]
[Black "Sharankov, Grigory"]
[Result "0-1"]
[WhiteElo "1798"]
[BlackElo "2220"]
[Annotator "NA"]
[PlyCount "40"]
[EventDate "2021.12.18"]
[EventType "swiss"]
[EventCountry "POL"]
[SourceTitle "playchess.com"]
[Source "ChessBase"]
[SourceQuality "1"]
[TimeControl "900+10"]

1. e4 {[%emt 0:00:02]} e6 {[%emt 0:00:01]} 2. d4 {[%emt 0:00:01]} d5 {[%emt 0:
00:01]} 3. e5 {[%emt 0:00:01]} c5 {[%emt 0:00:01]} 4. c3 {[%emt 0:00:01]} Nc6 {
[%emt 0:00:01]} 5. Nf3 {[%emt 0:00:01]} Bd7 {[%emt 0:00:19]} 6. Be2 {[%emt 0:
00:04]} Qc7 {[%emt 0:00:12]} 7. O-O {[%emt 0:00:11]} f6 {[%emt 0:00:14]} 8.
exf6 {[%emt 0:00:04]} Nxf6 {[%emt 0:00:04]} 9. Re1 {[%emt 0:00:01]} Bd6 {
[%emt 0:00:11]} 10. Bd3 {[%emt 0:00:04]} O-O {[%emt 0:00:11]} 11. Bg5 {[%emt 0:
00:30]} Ng4 {[%emt 0:01:31]} 12. h3 {[%emt 0:00:27]} Bh2+ {[%emt 0:00:29]} 13.
Kf1 {[%emt 0:00:02]} Nxf2 {[%emt 0:00:02]} 14. Kxf2 {[%emt 0:00:01]} Qg3+ {
[%emt 0:00:02]} 15. Ke3 {[%emt 0:00:03]} Rxf3+ {[%emt 0:00:57]} 16. gxf3 {
[%emt 0:01:11]} Qxg5+ {[%emt 0:00:04]} 17. Ke2 {[%emt 0:00:41]} Qg2+ {[%emt 0:
00:15]} 18. Ke3 {[%emt 0:00:09]} Rf8 {[%emt 0:00:12]} 19. Be2 {[%emt 0:00:08]}
Bf4+ {[%emt 0:00:20]} 20. Kd3 {[%emt 0:00:01]} Qg6# {[%emt 0:00:02]} 0-1

[Event "European Rapid Championship 2021"]
[Site "Katowice"]
[Date "2021.12.18"]
[Round "6.5"]
[White "Teclaf, Pawel"]
[Black "Kovalenko, Igor"]
[Result "0-1"]
[WhiteElo "2345"]
[BlackElo "2649"]
[Annotator "TA"]
[PlyCount "222"]
[EventDate "2021.12.18"]
[EventType "swiss"]
[EventCountry "POL"]
[SourceTitle "playchess.com"]
[Source "ChessBase"]
[SourceQuality "1"]

{[%evp 14,222,57,57,54,49,60,50,47,7,6,-11,0,0,0,-14,-25,-32,0,-7,-12,-6,0,0,
10,-34,0,-62,0,3,12,3,13,13,29,29,39,8,8,-13,-14,-15,-25,-20,-25,-16,0,0,0,0,0,
0,0,0,0,0,0,-35,-44,-59,-43,-44,-30,-35,-35,-35,-35,-52,-52,-229,-58,-169,-169,
-172,0,-22,-22,-22,-32,-389,-387,-29971,-29971,-29976,-1491,-29977,-1491,-1491,
-1491,-1433,-1380,-1380,-1336,-11210,-8860,-7077,-3891,-1347,-1281,-12343,-363,
-12835,-12839,-12847,-12848,-12843,-5016,-29945,-29946,-29951,-29952,-29952,
-29953,-29957,-29959,-29961,-29959,-29964,-29964,-29964,-29961,-29963,-29967,
-29968,-29968,-29968,-29965,-29964,-29966,-29970,-29971,-29971,-29972,-29972,
-29973,-29972,-29966,-29973,-29974,-29974,-29975,-29975,-29975,-29975,-29974,
-29974,-29976,-29975,-29974,-29973,-29974,-29973,-29972,-29970,-29971,-29972,
-29974,-29972,-29975,-29975,-29975,-29974,-29975,-29975,-29976,-29976,-29977,
-29977,-29978,-29981,-29981,-29982,-29982,-29982,-29982,-29982,-29983,-29983,
-29984,-29984,-29985,-29985,-29986,-29986,-29985,-29986,-29987,-29987,-29988,
-29988,-29988,-29988,-29989,-29991,-29992,-29992,-29993,-29993,-29994,-29994,
-29994,-29995,-29995,-29995,-29996,-29996,-29997,-29997,-29998,-29998,-29999]} 
1. e4 c5 2. Nf3 e6 3. d4 cxd4 4. Nxd4 a6 5. c4 Nf6 6. Nc3 Qc7 7. a3 b6 8. Be3
Bb7 {B41: Sicilian: Kan Variation: 5 c4.} 9. f3 Nc6 10. Rc1 Be7 $5 {[%mdl 4] 
[#] White is slightly better. Exploring less charted territory.} 11. Nxc6 $146
({Predecessor:} 11. Be2 O-O 12. b4 Ne5 13. Na4 d6 14. O-O Rac8 15. Qd2 Ned7 16.
Nb3 Rfe8 17. Rfd1 {0-1 (45) Fridman,D (2577)-Reinaldo Castineira,R (2402) Dos
Hermanas 2003}) 11... dxc6 12. Bd3 Bd6 13. g3 {[%cal Oc4c5]} c5 14. f4 h5 15.
Rf1 Ng4 16. Bg1 O-O-O {[%cal Og7g5]} 17. Qe2 Rd7 {[%cal Og7g5]} 18. h3 Nh6 {
[%cal Og7g5]} 19. Be3 (19. Rd1 $11 {feels stronger.}) 19... Rhd8 20. Rd1 (20.
Bc2 $11) 20... g6 (20... Be7 $15) 21. Kd2 $11 f5 22. Kc1 Bf8 23. Bc2 Nf7 24.
Rxd7 Rxd7 25. Rd1 Rxd1+ 26. Qxd1 Nd6 {[%cal Rf5e4]} 27. exf5 exf5 ({Resist} 
27... Nxc4 28. Qe2 Nxe3 29. Qxe3 $16) 28. Nd5 Qd8 29. b3 Bg7 30. g4 hxg4 31.
hxg4 a5 {[%cal Oa5a4]} 32. gxf5 gxf5 33. Qg1 Bxd5 34. Qxg7 Be4 35. Bd1 a4 36.
Qe5 axb3 37. Bxb3 Qd7 38. a4 {[%cal Oa4a5]} Nb7 {aiming for ...Qd3.} 39. Qh8+
Nd8 {...Qd3 is the strong threat.} 40. Qc3 Nc6 41. Bd1 $2 (41. Kb2 $15) 41...
Kb7 $2 (41... Nb4 $19 {( -> ...Na2+)} 42. Bb3 Nd3+ 43. Kb1 Nxf4+ 44. Ka2 Nd3)
42. a5 (42. Bb3 $15) 42... Nb4 $19 43. Qb3 {[#] Prevents Na2+.} Qd6 $2 (43...
Qg7 $1 $19 {White must now prevent ...Qg2.} 44. Be2 (44. axb6 $2 Qg2 $19) 44...
Qa1+ 45. Kd2 Qxa5) 44. axb6 Nd3+ 45. Kb1 Nxf4+ 46. Ka2 $2 {[%mdl 8192] [#]
Black continues to play with concentration.} (46. Bc2 $1 $15) 46... Nd3 $1 {
And now ...f4 would win.} 47. Ka3 $2 (47. Kb1 $19) 47... Qe5 48. Bc2 Qa1+ 49.
Qa2 Qxa2+ (49... Qe1 $142 50. Qb3 Qxe3 51. Bxd3 Qxd3 52. Qxd3 Bxd3 53. Kb2 f4
54. Kc3 Bf1 55. Kd2 Bxc4 56. Ke1 Bb5 57. Kd1 f3 58. Ke1 Be2 59. Kd2 c4 60. Kc2
f2 61. Kc3 f1=Q 62. Kd4 Qf6+ 63. Ke4 c3 64. Ke3 Bc4 65. Ke4 c2 66. Ke3 c1=B+
67. Ke4 Qf4#) 50. Kxa2 {[%mdl 4096] Endgame KBB-KBN} Nb4+ 51. Kb2 Nxc2 52. Bxc5
Kc6 53. Bg1 Ne1 54. Kc3 Nf3 55. Be3 Ne5 56. Kb4 Nd7 $2 (56... f4 57. Bg1 f3)
57. c5 $2 (57. Ka5) 57... Nf6 58. Kc4 Kd7 59. Kd4 Ke6 (59... Bc6 $142 60. Bd2
Ke6) 60. Bg5 Bc6 {Black mates.} 61. Bf4 Nh5 62. Bh2 f4 {[%cal Bf5f4,Bf4f3]
[%mdl 32]} 63. Kc4 f3 64. Kd3 Kf5 65. Bg1 Nf4+ 66. Kd2 Ke4 67. Bf2 Nh3 68. Bg3
Kd4 69. Ke1 Kxc5 70. Bh4 Kxb6 71. Bg3 Kc5 72. Kd2 Kd4 73. Bb8 Ke4 74. Ba7 Bb5
75. Bb6 f2 76. Bxf2 Nxf2 77. Ke1 Nd3+ {[%cal Bf2d3,Bd3f4,Bf4d5][%mdl 32]} 78.
Kd2 Nf4 79. Kc3 Nd5+ 80. Kd2 Kf3 81. Ke1 Bc4 82. Kd1 Kf2 83. Kd2 Be2 {[%cal
Bc4e2,Be2d1,Bd1c2,Bc2b1,Bb1a2,Ba2f7][%mdl 32]} 84. Kc2 Ke3 85. Kc1 Kd3 86. Kb2
Bd1 87. Kc1 Bc2 88. Kb2 Kd2 89. Ka3 Kc3 90. Ka2 Ne3 91. Ka3 Bb1 92. Ka4 Ba2 93.
Kb5 Bf7 94. Kc5 Nf5 95. Kb5 Kb3 {[%cal Bc3b3,Bb3a4,Ba4b4,Bb4c5,Bc5c6,Bc6b6]
[%mdl 32]} 96. Kc5 Ka4 97. Kb6 Kb4 98. Kc6 Be6 99. Kb6 Bd7 100. Kc7 Ba4 101.
Kb6 Bb5 102. Kc7 Kc5 103. Kb7 Nd4 104. Kc7 Ne6+ 105. Kb7 Bc4 106. Kc8 Kc6 107.
Kb8 Kb6 108. Kc8 Bb5 109. Kb8 Bd7 110. Ka8 Nc7+ 111. Kb8 Na6+ {Weighted Error
Value: White=0.92/Black=0.53} 0-1

[Event "European Rapid Championship 2021"]
[Site "Katowice"]
[Date "2021.12.18"]
[Round "6.5"]
[White "Warchol, Bartosz"]
[Black "Cukrowski, Filip"]
[Result "1/2-1/2"]
[WhiteElo "1942"]
[BlackElo "2373"]
[Annotator "ChessBase"]
[PlyCount "161"]
[EventDate "2021.12.18"]
[EventType "swiss"]
[EventCountry "POL"]
[SourceTitle "playchess.com"]
[Source "ChessBase"]
[SourceQuality "1"]
[TimeControl "900+10"]

1. d4 {[%emt 0:00:02]} Nf6 {[%emt 0:00:01]} 2. c4 {[%emt 0:00:02]} e6 {[%emt 0:
00:01]} 3. Nf3 {[%emt 0:00:02]} b6 {[%emt 0:00:01]} 4. g3 {[%emt 0:00:08]} Bb7
{[%emt 0:00:01]} 5. Bg2 {[%emt 0:00:02]} c5 {[%emt 0:00:01]} 6. O-O {[%emt 0:
00:18]} cxd4 {[%emt 0:00:01]} 7. Nxd4 {[%emt 0:00:18]} Bxg2 {[%emt 0:00:02]} 8.
Kxg2 {[%emt 0:00:02]} Qc8 {[%emt 0:00:01]} 9. b3 {[%emt 0:01:03]} Nc6 {[%emt 0:
00:02]} 10. Nb5 {[%emt 0:01:10]} Qb8 {[%emt 0:04:32]} 11. Bf4 {[%emt 0:00:52]}
e5 {[%emt 0:00:42]} 12. Bg5 {[%emt 0:00:07]} Ne4 {[%emt 0:00:14]} 13. Be3 {
[%emt 0:00:36]} Bb4 {[%emt 0:02:35]} 14. a3 {[%emt 0:00:48]} a6 {[%emt 0:00:42]
} 15. axb4 {[%emt 0:01:11]} axb5 {[%emt 0:00:01]} 16. Rxa8 {[%emt 0:00:21]}
Qxa8 {[%emt 0:00:01]} 17. f3 {[%emt 0:00:51]} Nf6 {[%emt 0:00:06]} 18. cxb5 {
[%emt 0:01:29]} Nxb4 {[%emt 0:00:05]} 19. Qd6 {[%emt 0:01:02]} Nbd5 {[%emt 0:
00:06]} 20. Qxe5+ {[%emt 0:01:01]} Kd8 {[%emt 0:00:44]} 21. Rc1 {[%emt 0:01:14]
} Qb7 {[%emt 0:01:01]} 22. Bg5 {[%emt 0:01:12]} Re8 23. Qb2 {[%emt 0:00:06]} h6
{[%emt 0:04:41]} 24. Bxf6+ {[%emt 0:00:20]} Nxf6 {[%emt 0:00:01]} 25. e4 {
[%emt 0:00:33]} Re6 {[%emt 0:00:02]} 26. Nd2 {[%emt 0:00:15]} d5 {[%emt 0:00:
27]} 27. Qd4 {[%emt 0:00:44]} Ke8 {[%emt 0:00:16]} 28. Kf2 {[%emt 0:00:59]}
dxe4 {[%emt 0:00:26]} 29. Nxe4 {[%emt 0:00:31]} Nxe4+ {[%emt 0:00:05]} 30. fxe4
{[%emt 0:00:01]} Qd7 {[%emt 0:00:49]} 31. Ke3 {[%emt 0:01:13]} f5 {[%emt 0:01:
03]} 32. Qxd7+ {[%emt 0:00:40]} Kxd7 {[%emt 0:00:01]} 33. Rc4 {[%emt 0:00:01]}
Re5 {[%emt 0:00:14]} 34. Rb4 {[%emt 0:00:32]} Kd6 {[%emt 0:00:32]} 35. Kf4 {
[%emt 0:00:54]} g5+ {[%emt 0:00:02]} 36. Kf3 {[%emt 0:00:01]} fxe4+ {[%emt 0:
01:05]} 37. Rxe4 {[%emt 0:00:08]} Rxb5 {[%emt 0:00:02]} 38. b4 {[%emt 0:00:17]}
h5 {[%emt 0:00:03]} 39. Ke3 {[%emt 0:00:18]} Rd5 {[%emt 0:00:15]} 40. Rd4 {
[%emt 0:00:08]} Ke5 {[%emt 0:00:05]} 41. Re4+ {[%emt 0:00:04]} Kf5 {[%emt 0:00:
24]} 42. Rc4 {[%emt 0:00:01]} Rb5 {[%emt 0:00:11]} 43. h3 {[%emt 0:00:15]} g4 {
[%emt 0:00:07]} 44. hxg4+ {[%emt 0:00:07]} hxg4 {[%emt 0:00:01]} 45. Rf4+ {
[%emt 0:00:08]} Kg5 {[%emt 0:00:01]} 46. Rd4 {[%emt 0:00:11]} Rf5 {[%emt 0:00:
06]} 47. Rd3 {[%emt 0:00:19]} Rb5 {[%emt 0:00:26]} 48. Rd4 {[%emt 0:00:05]} Rf5
{[%emt 0:00:02]} 49. Ke4 {[%emt 0:00:04]} Rf3 {[%emt 0:00:22]} 50. Rd3 {
[%emt 0:00:20]} Rf6 {[%emt 0:00:18]} 51. Rd5+ {[%emt 0:00:13]} Kg6 {[%emt 0:00:
02]} 52. Rd7 {[%emt 0:00:17]} Rc6 {[%emt 0:00:28]} 53. Rd4 {[%emt 0:00:10]} Rc3
{[%emt 0:00:03]} 54. Kf4 {[%emt 0:00:03]} Kh5 {[%emt 0:00:01]} 55. Rd5+ {
[%emt 0:00:07]} Kh6 {[%emt 0:00:01]} 56. Rd6+ {[%emt 0:00:18]} Kg7 {[%emt 0:00:
07]} 57. Rxb6 {[%emt 0:00:08]} Rc4+ {[%emt 0:00:01]} 58. Kg5 {[%emt 0:00:05]}
Rd4 {[%emt 0:00:08]} 59. b5 {[%emt 0:00:08]} Rb4 {[%emt 0:00:02]} 60. Rb7+ {
[%emt 0:00:05]} Kf8 {[%emt 0:00:03]} 61. b6 {[%emt 0:00:06]} Ke8 {[%emt 0:00:
03]} 62. Rb8+ {[%emt 0:00:30]} Kf7 {[%emt 0:00:01]} 63. b7 {[%emt 0:00:04]} Kg7
{[%emt 0:00:02]} 64. Kf5 {[%emt 0:00:04]} Kh7 {[%emt 0:00:12]} 65. Ke5 {
[%emt 0:00:14]} Rb1 {[%emt 0:00:11]} 66. Kf6 {[%emt 0:00:17]} Rb5 {[%emt 0:00:
18]} 67. Rf8 {[%emt 0:00:13]} Rxb7 {[%emt 0:00:01]} 68. Rf7+ {[%emt 0:00:02]}
Rxf7+ {[%emt 0:00:01]} 69. Kxf7 {[%emt 0:00:01]} Kh6 {[%emt 0:00:02]} 70. Kf6 {
[%emt 0:00:01]} Kh7 {[%emt 0:00:02]} 71. Kf5 {[%emt 0:00:04]} Kg7 {[%emt 0:00:
01]} 72. Kxg4 {[%emt 0:00:01]} Kg6 {[%emt 0:00:00]} 73. Kf4 {[%emt 0:00:01]}
Kf6 {[%emt 0:00:01]} 74. g4 {[%emt 0:00:02]} Kg6 {[%emt 0:00:00]} 75. g5 {
[%emt 0:00:01]} Kg7 {[%emt 0:00:01]} 76. Kf5 {[%emt 0:00:00]} Kf7 {[%emt 0:00:
01]} 77. g6+ {[%emt 0:00:02]} Kg7 {[%emt 0:00:00]} 78. Kg5 {[%emt 0:00:01]} Kg8
{[%emt 0:00:01]} 79. Kf6 {[%emt 0:00:01]} Kf8 {[%emt 0:00:01]} 80. g7+ {
[%emt 0:00:02]} Kg8 {[%emt 0:00:00]} 81. Kg6 1/2-1/2

[Event "European Rapid Championship 2021"]
[Site "Katowice"]
[Date "2021.12.18"]
[Round "6.6"]
[White "Fridman, Daniel"]
[Black "Piesik, Piotr"]
[Result "0-1"]
[WhiteElo "2626"]
[BlackElo "2342"]
[Annotator "TA"]
[PlyCount "94"]
[EventDate "2021.12.18"]
[EventType "swiss"]
[EventCountry "POL"]
[SourceTitle "playchess.com"]
[Source "ChessBase"]
[SourceQuality "1"]

{[%evp 9,94,-1,41,-19,43,40,43,36,58,51,62,66,51,9,30,23,79,48,94,66,59,49,85,
91,86,79,70,72,123,93,117,-81,-84,-77,-77,-79,-85,-86,-95,-87,-62,-80,-45,-56,
-56,-64,-16,-74,-74,-74,-68,-169,-193,-442,-441,-420,-371,-1408,-1286,-1531,
-1424,-12838,-12839,-12839,-12839,-12841,-12841,-12840,-12840,-12840,-12841,
-29981,-7233,-7233,-10826,-12844,-12844,-29985,-29986,-29986,-29987,-29987,
-29987,-29988,-29986,-29986,-12846]} 1. d4 d5 2. Nf3 Nf6 3. c4 c6 4. g3 dxc4 5.
Bg2 Bf5 (5... b5 $11 {is more appropriate.}) 6. Nc3 {D11: Slav Defence: 3 Nf3
sidelines and 3...Nf6 4 e3 Bg4.} (6. Nbd2 $14) 6... e6 (6... Nbd7 $11) 7. Ne5
$14 Nbd7 8. Nxc4 {White is slightly better.} Nb6 9. Ne5 Bb4 10. O-O O-O 11. a3
(11. e3 $14) 11... Bxc3 $11 12. bxc3 Nbd7 (12... Ne4 $11) 13. Nc4 Be4 {[#]} (
13... Ne4 $14) 14. Bxe4 $146 ({Predecessor:} 14. f3 Bg6 15. e4 Nb6 16. Ne5 Nfd7
17. Be3 Nxe5 18. dxe5 Nc4 19. Qd4 Qxd4 20. Bxd4 b6 21. f4 c5 22. Bf2 {½-½ 
(108) Manolache,M (2533)-Gunina,V (2427) Chess.com INT 2021}) 14... Nxe4 15.
Qd3 Ndf6 16. a4 b5 {[%cal Bb7b5,Bb5b4][%mdl 32]} 17. Ne5 {[%csl LRb5,LRc6]} Qc7
{[%cal Oe4c5]} 18. Ba3 {To avoid Nc5} Rfd8 ({Better is} 18... Rfc8) 19. Rfc1 a6
{[#]} 20. c4 $2 {[#]} (20. f3 $6 Nd6 $11) (20. axb5 $1 $16 {keeps the pressure
on.} axb5 21. c4) 20... b4 $1 $17 ({Don't play} 20... bxa4 21. c5 $16 (21. f3
c5 $11)) 21. Bb2 c5 {[%cal Oe4c3]} 22. Qe3 {Inhibits Nc3.} cxd4 23. Bxd4 {[#]}
Rxd4 $1 24. Qxd4 Rd8 25. Qb2 Nc3 {Pair of Knights!} 26. Nd3 ({Not} 26. Rxc3 $2
bxc3 27. Qxc3 Ne4 $19) 26... Qxc4 27. a5 h5 {Black is much more active.} (27...
Nfd5 $15 {was preferrable.}) 28. Rc2 {[#]} (28. f3 $1 $11) 28... Nxe2+ $1 {
Black converts the advantage convincingly.} 29. Rxe2 {aiming for Ne5.} Rxd3 30.
Re5 (30. Rc2 $15 Rc3 31. Rxc3 bxc3 32. Qb8+ Kh7 33. Qf4) 30... Ne4 $19 {
And now ...Nd2 would win.} 31. Rc1 $2 (31. Rxh5 Nd2 32. Qc1) 31... Nc3 {
...h4 is the strong threat.} 32. Rce1 h4 {White must now prevent ...Qd4.} 33.
Kg2 $2 (33. Rh5 hxg3 34. fxg3) 33... Qd4 {Hoping for ...Rd2.} 34. R1e3 Rd2 35.
Qb3 h3+ 36. Kxh3 Rxf2 37. Rxe6 fxe6 38. Qxe6+ Kh7 39. Re5 Qd1 {( -> ...Rf6)}
40. Rg5 {[#]} Rxh2+ $3 {[%mdl 512]} 41. Kxh2 {[%mdl 4096] Endgame KQR-KQN} Qd2+
42. Kh3 Qxg5 43. Qb6 Ne4 {[%csl Ge4][%cal Rg5g3] Black mates.} 44. g4 Qf4 {
[%csl Ge4][%cal Rf4g3]} 45. Kg2 Qxg4+ 46. Kh1 Qh5+ ({Stronger than} 46... Qg3
47. Qh6+ Kg8 48. Qe6+ Kh7 49. Qh6+ Kg8 50. Qe6+ Kh7 51. Qh6+ $11) 47. Kg2 Qg6+
{Weighted Error Value: White=0.98/Black=0.29 (precise)} (47... Qe2+ $142 48.
Kg1 Qd1+ 49. Kh2 b3 50. Qe3 Qc2+ 51. Kh3 b2 52. Qe1 b1=Q 53. Qh4+ Kg6 54. Qh5+
Kf6 55. Qf3+ Ke5 56. Qh5+ Kd4 57. Qf3 Ng5+ 58. Kg3 Qg1+ 59. Kh4 Nxf3+ 60. Kh5
Qh7#) 0-1